Thomas d’Aquin, Commentaire de l’Épître aux Romains, suivi de Lettre à Bernard Ayglier abbé du Mont-Cassin, tr. et tables J.-Ér. Stroobant de Saint-Éloy osb, annot. J. Borella et J.-Ér. Stroobant ; avant-propos G. Berceville op, Paris, Cerf, 1999, 23x19, 651 p., rel. ISBN 2-204-06017-8, Commentaire de la Première Épître aux Corinthiens, complété par La postille sur la Première Épître aux Corinthiens (chap. 7,10b au chap. 10,33) de Pierre de Charentaise, intr. G. Dahan, tr. et tables J.-É. Stroobant de Saint-Éloy osb, annot. J. <span class="marquage p (notice n° 1620747)
[ vue normale ]
| 000 -LEADER | |
|---|---|
| fixed length control field | 00984cam a2200133 4500500 |
| 005 - DATE AND TIME OF LATEST TRANSACTION | |
| control field | 20260111091248.0 |
| 041 ## - LANGUAGE CODE | |
| Language code of text/sound track or separate title | fre |
| 042 ## - AUTHENTICATION CODE | |
| Authentication code | dc |
| 245 00 - TITLE STATEMENT | |
| Title | Thomas d’Aquin, Commentaire de l’Épître aux Romains, suivi de Lettre à Bernard Ayglier abbé du Mont-Cassin, tr. et tables J.-Ér. Stroobant de Saint-Éloy osb, annot. J. Borella et J.-Ér. Stroobant ; avant-propos G. Berceville op, Paris, Cerf, 1999, 23x19, 651 p., rel. ISBN 2-204-06017-8, Commentaire de la Première Épître aux Corinthiens, complété par La postille sur la Première Épître aux Corinthiens (chap. 7,10b au chap. 10,33) de Pierre de Charentaise, intr. G. Dahan, tr. et tables J.-É. Stroobant de Saint-Éloy osb, annot. J. <span class="marquage p |
| 260 ## - PUBLICATION, DISTRIBUTION, ETC. | |
| Date of publication, distribution, etc. | 2005.<br/> |
| 500 ## - GENERAL NOTE | |
| General note | 17 |
| 786 0# - DATA SOURCE ENTRY | |
| Note | Nouvelle revue théologique | 127 | 4 | 2005-12-15 | p. 623v-639v | 0029-4845 |
| 856 41 - ELECTRONIC LOCATION AND ACCESS | |
| Uniform Resource Identifier | <a href="https://shs.cairn.info/revue-nouvelle-revue-theologique-2005-4-page-623v?lang=fr&redirect-ssocas=7080">https://shs.cairn.info/revue-nouvelle-revue-theologique-2005-4-page-623v?lang=fr&redirect-ssocas=7080</a> |
Pas d'exemplaire disponible.




Réseaux sociaux